|
|
|
|
| LEADER |
00000nam0a2200000 4500 |
| 001 |
269830 |
| 005 |
20231101234306.0 |
| 010 |
|
|
|a 9785160054841
|
| 035 |
|
|
|a (RuTPU)RU\TPU\book\293008
|
| 090 |
|
|
|a 269830
|
| 100 |
|
|
|a 20140922d2014 m y0rusy50 ca
|
| 101 |
0 |
|
|a rus
|a eng
|
| 102 |
|
|
|a RU
|
| 105 |
|
|
|a a j 001zy
|
| 200 |
1 |
|
|a Грамматика для делового общения на английском языке (модульно-компетентностный подход)
|e учебное пособие для вузов
|f З. В. Маньковская
|
| 210 |
|
|
|a Москва
|c Инфра-М
|d 2014
|
| 215 |
|
|
|a 140 с.
|c ил.
|
| 225 |
1 |
|
|a Высшее образование. Бакалавриат
|
| 320 |
|
|
|a Библиогр.: с.138.
|
| 330 |
|
|
|a Учебное пособие развивает грамматическую компетенцию студента в процессе выполнения тренировочных, интерактивных и ролевых упражнений, организованных в тематические модули. Грамматические явления сгруппированы по компетенциям, которые необходимы для осуществления делового общения (описание, характеристика, рассказ / повествование, составление отчета, инструктирование, побуждение к действию). Пособие дает обширный материал по деятельности российских и международных компаний, менеджменту, маркетингу, управлению персоналом и другим темам. Рекомендовано для широкого круга студентов, бакалавров и аспирантов, обучающихся по экономическим специальностям, в том числе «Менеджмент», «Экономика внешних связей» и «Международный бизнес». Пособие можно использовать как справочник по составлению деловых отчетов, писем, записок, брошюр, описывающих деятельность компаний и рекламирующих их продукцию. Пособие может быть полезно всем, кто занимается вопросами бизнеса на английском языке.
|
| 606 |
1 |
|
|a Английский язык
|x Учебные руководства и пособия
|x Пособия по развитию речи, разговорники
|2 stltpush
|3 (RuTPU)RU\TPU\subj\29074
|9 52486
|
| 606 |
1 |
|
|a Английский язык
|x Учебные руководства и пособия для высшей школы
|x Пособия по грамматике
|2 stltpush
|3 (RuTPU)RU\TPU\subj\29073
|9 52485
|
| 610 |
1 |
|
|a лексика
|
| 610 |
1 |
|
|a деловое общение
|
| 610 |
1 |
|
|a грамматика
|
| 610 |
1 |
|
|a модульный подход
|
| 610 |
1 |
|
|a устная речь
|
| 610 |
1 |
|
|a письменная речь
|
| 610 |
1 |
|
|a деловые коммуникации
|
| 610 |
1 |
|
|a упражнения
|
| 686 |
|
|
|a Ш143.21-923.4
|v LBC/SL-A
|2 rubbk
|
| 686 |
|
|
|a Ш143.21-923.2
|v LBC/SL-A
|2 rubbk
|
| 700 |
|
1 |
|a Маньковская
|b З. В.
|g Зоя Викторовна
|
| 801 |
|
1 |
|a RU
|b 63413507
|c 20140922
|
| 801 |
|
2 |
|a RU
|b 63413507
|c 20141201
|g RCR
|
| 900 |
|
|
|a Деловой английский язык
|
| 942 |
|
|
|c BK
|
| 953 |
|
|
|b 080200
|l 8.1
|
| 959 |
|
|
|a 130/20140919
|d 1
|e 159,90
|f ЧЗИЛ:1
|